A carregar...

Swapnam saahithyathil-oru padanam

Detalhes bibliográficos
Main Authors: Kavitha Raman; Researcher, Kurian, K C; Guide
Formato: Ph.D Thesis
Publicado em: Kottayam, Mahatma Gandhi University 2010
Edição:Ph.D
Assuntos:
LEADER 009090000a22002410004500
999 |c 45837  |d 45837 
082 |a 809.933 53 Q0 
100 |a Kavitha Raman; Researcher  |9 63966 
100 |a Kurian, K C; Guide  |9 63967 
240 |a Dream in literature: a study 
245 |a Swapnam saahithyathil-oru padanam 
250 |a Ph.D 
260 |a Kottayam, Mahatma Gandhi University 
260 |c 2010 
500 |a Awarded on 03.11.2010 
500 |a Includes bibliographical references 
500 |a Kavitha Raman; Guided by Dr K C Kurian 
500 |a School of Letters, Mahatma Gandhi University Kottayam, Kerala 
650 |a Dissertations, Academic (Ph.D)  |9 63968 
650 |a Dreams in literature  |9 63969 
650 |a Thesis (Ph.D)-Malayalam literature  |9 2307 
942 |c BK 
952 |0 0  |1 0  |4 0  |6 809_933000000000000_53_Q0  |7 0  |8 THES  |9 46562  |a MGUL  |b MGUL  |d 2013-07-16  |l 0  |o 809.933 53 Q0  |p T01965  |r 2013-07-16  |w 2013-07-16  |y THES